[Event "AUTO-OPEN-3393"]
[Site "http://www.queenalice.com/game.php?id=1326513"]
[Date "2014.12.7"]
[Round "1"]
[White "Tertulia"]
[Black "duschgel"]
[Result "1-0"]
[WhiteElo "1363"]
[BlackElo "2092"]

1. e4 c6 2. d4 d5 3. e5 c5 4. Nf3 Bg4 5. c3 e6 6. dxc5 Bxc5 7. Qa4+ Nc6 8. Qxg4
g6 9. Nbd2 Qb6 10. Qg3 Nge7 11. Bd3 d4 12. O-O dxc3 13. Nc4 Qb4 14. bxc3 Qxc3
15. Nd6+ Bxd6 16. exd6 Qxa1 17. dxe7 Nxe7 18. Bb5+ Nc6 19. Ne5 Rc8 20. Nxc6 bxc6
21. Bxc6+ Rxc6 22. Qb8+ Kd7 23. Rd1+ 1-0

[Event "AUTO-OPEN-3393"]
[Site "http://www.queenalice.com/game.php?id=1326514"]
[Date "2014.12.7"]
[Round "1"]
[White "duschgel"]
[Black "Tertulia"]
[Result "0-1"]
[WhiteElo "2076"]
[BlackElo "1363"]

1. c4 d5 2. cxd5 Nf6 3. g3 Qxd5 4. Nf3 Bf5 5. Nc3 Qd8 6. Bg2 Nc6 7. O-O e6 8. d3
Bd6 9. a3 O-O 10. Nh4 Bg6 11. Nxg6 fxg6 12. Qb3 Qc8 13. Bh3 Nd4 14. Qa4 c5 15.
Nb5 Nxe2+ 16. Kg2 Qc6+ 17. f3 Nd4 18. Qc4 Nxb5 19. Bxe6+ Kh8 20. Bg5 Nd4 21.
Rae1 Rae8 22. Bxf6 Nxe6 23. Rxe6 Rxe6 24. Qxe6 Rxf6 25. Qe2 Bc7 26. Re1 Rf8 27.
Kf2 Ba5 28. Rc1 Re8 29. Qc2 Bb6 30. Qc4 Qf6 31. Rc2 h6 32. Kg2 Qd6 33. Qa4 Re1
34. Qg4 Qxd3 35. Rf2 c4 36. Qc8+ Kh7 0-1

[Event "AUTO-OPEN-3393"]
[Site "http://www.queenalice.com/game.php?id=1326515"]
[Date "2014.12.7"]
[Round "1"]
[White "Tertulia"]
[Black "Ruusgugg"]
[Result "1-0"]
[WhiteElo "1330"]
[BlackElo "1516"]

1. e4 e5 2. d4 exd4 3. Nf3 Nc6 4. Bc4 Qe7 5. O-O Nf6 6. e5 Nh5 7. Bg5 f6 8. exf6
gxf6 9. Re1 Ne5 10. Nxe5 d6 11. Nf7 Be6 12. Rxe6 Qxe6 13. Bxe6 fxg5 14. Qxh5 Rg8
15. Nh6+ Rg6 16. Bf7+ Ke7 17. Bxg6 hxg6 18. Qxg5+ Kd7 19. Qb5+ c6 20. Qxb7+ Ke8
21. Qxa8+ Ke7 22. Qb7+ Kf6 23. Ng4+ Kf5 24. Qd7+ Ke4 25. Qe6+ Kf4 26. Nd2 Bh6
27. h4 g5 28. Qe4# 1-0

[Event "Challenge"]
[Site "http://www.queenalice.com/game.php?id=1326641"]
[Date "2014.12.8"]
[Round "-"]
[White "marlon2006"]
[Black "Tertulia"]
[Result "1/2-1/2"]
[WhiteElo "2096"]
[BlackElo "1363"]

1. e4 d5 2. d3 dxe4 3. Nc3 Bf5 4. Be2 Nf6 5. Bf4 Nc6 6. f3 exd3 7. Bxd3 Bxd3 8.
Qxd3 e5 9. Qe3 Bd6 10. O-O-O O-O 11. Bg3 Re8 12. Nge2 Nd4 13. Nxd4 exd4 14. Qxd4
Bxg3 15. hxg3 c6 16. Qxd8 Raxd8 17. Rxd8 Rxd8 18. g4 h6 19. a3 Kf8 20. g5 hxg5
21. Rh8+ Ke7 22. Rxd8 Kxd8 23. Ne4 Nxe4 24. fxe4 1/2-1/2

[Event "Challenge"]
[Site "http://www.queenalice.com/game.php?id=1327150"]
[Date "2014.12.9"]
[Round "-"]
[White "Tertulia"]
[Black "marlon2006"]
[Result "1-0"]
[WhiteElo "1363"]
[BlackElo "2098"]

1. e4 c5 2. d4 cxd4 3. Nf3 Nc6 4. c3 e5 5. Bc4 f6 6. O-O Nge7 7. b4 d5 8. exd5
Nxd5 9. Qb3 Be6 10. Re1 a6 11. a4 Kf7 12. cxd4 Bxb4 13. Bd2 Na5 14. Qc2 Qb6 15.
dxe5 Bxd2 16. Nbxd2 Rac8 17. Qe4 f5 18. Ng5+ Ke7 19. Qh4 h6 20. Nxe6+ Kxe6 21.
Bxd5+ Kxd5 22. Nf3 Ke6 23. Rad1 Rcd8 24. Nd4+ Kf7 25. Nxf5 g5 26. Qh5+ Qg6 27.
e6+ Kf6 28. Qf3 Qxf5 29. Qc3+ Kg6 30. e7 Rc8 31. Rd6+ Kf7 32. Qd4 Nc6 33. Rd7
Nxe7 34. Rdxe7+ Kg6 35. g4 Qf6 36. Qe4+ 1-0

[Event "OS INCLIVEIS"]
[Site "http://www.queenalice.com/game.php?id=1332347"]
[Date "2015.1.2"]
[Round "-"]
[White "Tertulia"]
[Black "adelio"]
[Result "1-0"]
[WhiteElo "1393"]
[BlackElo "1706"]

1. e4 a6 2. d4 c5 3. Nf3 Nc6 4. c3 b5 5. dxc5 e5 6. Be3 Be7 7. Bd3 d6 8. cxd6
Bxd6 9. O-O h5 10. Nbd2 h4 11. Qe2 Be7 12. Rac1 g5 13. c4 Nh6 14. cxb5 g4 15.
Rxc6 g3 16. Rxh6 Rxh6 17. Bxh6 gxh2+ 18. Nxh2 Bg5 19. Bxg5 Qxg5 20. Ndf3 Qh5 21.
bxa6 Ra7 22. Qc2 Be6 23. Bb5+ Kf8 24. Qc5+ Kg8 25. Qxa7 Bg4 26. Qb8+ Kg7 27.
Qxe5+ Qxe5 28. Nxe5 Be6 29. Nhf3 h3 30. gxh3 Bxh3 31. Rc1 Be6 32. a7 f6 33. Rc7+
Kh6 34. a8=Q fxe5 35. Qf8+ Kh5 36. Qg7 Bxa2 37. Qg5# 1-0

[Event "AUTO-OPEN-3416"]
[Site "http://www.queenalice.com/game.php?id=1334083"]
[Date "2015.1.10"]
[Round "1"]
[White "Tertulia"]
[Black "jeffcom2f"]
[Result "1-0"]
[WhiteElo "1522"]
[BlackElo "1538"]

1. e4 e5 2. d4 exd4 3. Nf3 Nc6 4. c3 dxc3 5. Nxc3 d6 6. Bc4 Bg4 7. O-O Nf6 8.
Nd5 Nxd5 9. Bxd5 Be7 10. Be3 O-O 11. h3 Bxf3 12. Qxf3 Ne5 13. Qe2 c6 14. Bb3 Kh8
15. Rad1 c5 16. Bxc5 Qc7 17. Bd4 Nc6 18. Bc3 Ne5 19. Qh5 g6 20. Qh6 Rac8 21. f4
Bf6 22. fxe5 Bg7 23. exd6 Qxc3 24. bxc3 Bxh6 25. Rxf7 Rxf7 26. Bxf7 Rxc3 27. e5
Be3+ 28. Kf1 Kg7 29. Bb3 Bf4 30. e6 Re3 31. d7 Bc7 32. d8=Q Bxd8 33. Rxd8 b5 34.
Rd7+ Kh6 35. Rxa7 1-0

[Event "AUTO-OPEN-3416"]
[Site "http://www.queenalice.com/game.php?id=1334084"]
[Date "2015.1.10"]
[Round "1"]
[White "jeffcom2f"]
[Black "Tertulia"]
[Result "0-1"]
[WhiteElo "1544"]
[BlackElo "1436"]

1. e4 d5 2. exd5 Nf6 3. Nc3 c6 4. dxc6 Nxc6 5. Be2 e5 6. Bb5 Qb6 7. Bxc6+ Qxc6
8. Nf3 Bc5 9. O-O e4 10. Ne5 Qc7 11. d4 Bd6 12. Bg5 Bxe5 13. dxe5 Qxe5 14. Bh4
O-O 15. Re1 Bf5 16. Bxf6 Qxf6 17. Nd5 Qe5 18. f4 Qd6 19. c4 Rfe8 20. Qb3 b6 21.
Ne3 Qg6 22. Rad1 Be6 23. f5 Bxf5 24. g3 Be6 25. Rd6 Qg5 26. Nc2 Qc5+ 27. Kh1
Qxd6 28. Ne3 Rad8 0-1

[Event "AUTO-OPEN-3416"]
[Site "http://www.queenalice.com/game.php?id=1334085"]
[Date "2015.1.10"]
[Round "1"]
[White "Tertulia"]
[Black "pestiferous"]
[Result "1-0"]
[WhiteElo "1539"]
[BlackElo "2094"]

1. e4 e6 2. b3 d5 3. Bb2 dxe4 4. Nc3 Nf6 5. Qe2 Be7 6. O-O-O O-O 7. Nxe4 Nc6 8.
h4 Nxe4 9. Qxe4 Bf6 10. c3 a5 11. Bd3 g6 12. h5 Qd5 13. hxg6 fxg6 14. Qe3 Ne7
15. c4 Bxb2+ 16. Kxb2 1-0

[Event "AUTO-OPEN-3416"]
[Site "http://www.queenalice.com/game.php?id=1334086"]
[Date "2015.1.10"]
[Round "1"]
[White "pestiferous"]
[Black "Tertulia"]
[Result "0-1"]
[WhiteElo "2048"]
[BlackElo "1567"]

1. c4 d5 2. g3 Nf6 3. Bg2 e6 4. Nf3 c6 5. Na3 Nbd7 6. O-O Nb6 7. b3 Bxa3 8. Bxa3
dxc4 9. Re1 cxb3 10. Qxb3 Nbd7 11. d4 b5 12. e4 Qb6 13. d5 c5 14. dxe6 fxe6 15.
Ng5 Ne5 16. f4 c4+ 17. Qe3 Nd3 18. Re2 h6 19. e5 Qxe3+ 20. Rxe3 Ng4 21. Rxd3
cxd3 22. Bxa8 hxg5 23. Bc6+ Bd7 24. Bxd7+ Kxd7 25. Rd1 Rxh2 26. Rxd3+ Kc8 27.
Be7 gxf4 28. gxf4 Rxa2 29. Rg3 Nh6 30. Rxg7 Nf5 0-1

[Event "AUTO-OPEN-3416"]
[Site "http://www.queenalice.com/game.php?id=1334087"]
[Date "2015.1.10"]
[Round "1"]
[White "Tertulia"]
[Black "Magogue"]
[Result "1-0"]
[WhiteElo "1456"]
[BlackElo "1794"]

1. e4 e5 2. d4 exd4 3. Nf3 Bb4+ 4. Bd2 Qe7 5. c3 Qxe4+ 6. Be2 dxc3 7. Bxc3 Bxc3+
8. Nxc3 Qb4 9. Qc2 Nf6 10. O-O O-O 11. Nb5 c6 12. Nc7 d5 13. Nxa8 Qd6 14. Rfe1
Bg4 15. Qb3 b5 16. Qa3 1-0

[Event "AUTO-OPEN-3416"]
[Site "http://www.queenalice.com/game.php?id=1334088"]
[Date "2015.1.10"]
[Round "1"]
[White "Magogue"]
[Black "Tertulia"]
[Result "0-1"]
[WhiteElo "1764"]
[BlackElo "1486"]

1. e4 d5 2. exd5 Nf6 3. Nf3 Bg4 4. Nc3 c6 5. d4 cxd5 6. Bb5+ Nc6 7. Qd3 e6 8.
Ne5 Bf5 9. Qe2 Rc8 10. O-O Bd6 11. Bg5 O-O 12. Bxf6 gxf6 13. Nxc6 bxc6 14. Bd3
Bg6 15. h4 f5 16. h5 Qh4 0-1

[Event "Challenge"]
[Site "http://www.queenalice.com/game.php?id=1336759"]
[Date "2015.1.24"]
[Round "-"]
[White "Raiman"]
[Black "Tertulia"]
[Result "1-0"]
[WhiteElo "2334"]
[BlackElo "1569"]

1. b3 d5 2. e3 e5 3. Bb2 Nc6 4. Bb5 Bd6 5. Nf3 Bg4 6. h3 Bd7 7. Bxc6 bxc6 8.
Nxe5 Qg5 9. Nxd7 Kxd7 10. Qf3 Nf6 11. h4 Qg6 12. d3 h5 13. Nc3 Rae8 14. O-O-O
Ng4 15. e4 d4 16. Ne2 c5 17. Kb1 Qf6 18. Qxf6 gxf6 19. Rdf1 f5 20. b4 fxe4 21.
dxe4 Rb8 22. bxc5 Be5 23. Rh3 Kc6 24. Nc1 Kxc5 25. Rb3 Kc6 26. Nd3 Bg7 27. Re1
Rxb3 28. axb3 a5 29. e5 Rd8 30. Re4 1-0

[Event "Challenge"]
[Site "http://www.queenalice.com/game.php?id=1336760"]
[Date "2015.1.24"]
[Round "-"]
[White "Tertulia"]
[Black "Raiman"]
[Result "1-0"]
[WhiteElo "1597"]
[BlackElo "2300"]

1. e4 c6 2. d4 d5 3. Nc3 dxe4 4. Nxe4 Nd7 5. Nf3 Ngf6 6. Nxf6+ Nxf6 7. Ne5 Bf5
8. c3 e6 9. g4 Be4 10. f3 Bg6 11. Nxg6 hxg6 12. Bf4 Nd5 13. Bg3 Bd6 14. Bxd6
Qxd6 15. Qd2 g5 16. Bd3 Nf4 17. O-O-O O-O-O 18. Qe3 Kb8 19. Kb1 Rh4 20. Bc2 Rdh8
21. Rd2 Rh3 22. Bb3 a5 23. Rf2 f5 24. Qd2 fxg4 25. fxg4 R8h4 26. Bd1 Qd5 27. Re1
Nd3 28. Rf8+ Ka7 29. Ref1 Nf4 30. c4 Qb5 31. cxb5 Ra3 32. bxa3 Kb6 33. Ra8 cxb5
34. Qxa5+ Kc6 35. Bf3+ Nd5 36. Rc1+ Kd6 37. Qd8# 1-0

[Event "AUTO-OPEN-3393"]
[Site "http://www.queenalice.com/game.php?id=1355758"]
[Date "2015.4.25"]
[Round "2"]
[White "Bira47"]
[Black "Tertulia"]
[Result "1-0"]
[WhiteElo "2127"]
[BlackElo "1690"]

1. c4 e6 2. g3 Nf6 3. Bg2 d5 4. Nf3 c6 5. b3 Bd6 6. Bb2 O-O 7. O-O Nbd7 8. d4 b6
9. Nc3 Re8 10. Qc2 e5 11. cxd5 exd4 12. Nxd4 c5 13. e4 cxd4 14. Nb5 Nc5 15. Nxd6
Qxd6 16. Bxd4 Ncxe4 17. Bxf6 Nxf6 18. Rfe1 Bb7 19. Rad1 Rxe1+ 20. Rxe1 Bxd5 21.
Rd1 Re8 22. Bxd5 Nxd5 23. Qc4 Rd8 24. Kf1 Ne3+ 25. Ke2 Nxc4 26. Rxd6 Nxd6 27. f3
Nb5 28. h4 Nd4+ 29. Ke3 Nc2+ 30. Kf4 Re8 31. g4 Nb4 32. a3 Nc2 33. a4 a5 34. h5
Nd4 35. g5 Nxb3 36. Kf5 Nd4+ 37. Kg4 b5 38. axb5 Nxb5 39. f4 a4 40. h6 g6 41.
Kf3 a3 42. Kg4 a2 43. Kg3 a1=Q 44. Kg4 Qg1+ 45. Kh4 Re3 46. f5 1-0

[Event "AUTO-OPEN-3393"]
[Site "http://www.queenalice.com/game.php?id=1355759"]
[Date "2015.4.25"]
[Round "2"]
[White "Tertulia"]
[Black "Bira47"]
[Result "0-1"]
[WhiteElo "1697"]
[BlackElo "2127"]

1. e4 c5 2. d4 cxd4 3. c3 dxc3 4. Nxc3 a6 5. Nf3 h6 6. Bc4 e6 7. Bf4 b5 8. Bb3
Bb7 9. O-O Nf6 10. Re1 Be7 11. e5 Nh5 12. Be3 Nc6 13. Rc1 d5 14. exd6 Qxd6 15.
Nd4 Nf6 16. Qf3 Rb8 17. Nxc6 Bxc6 18. Ne4 Bxe4 19. Bf4 Bxf3 20. Bxd6 Bxd6 21.
gxf3 O-O 22. Rc6 Bb4 23. Rd1 Rfd8 24. Rxd8+ Rxd8 25. Bc2 g5 26. Rxa6 Rd2 27. Rc6
Nd5 28. Kf1 Nf4 29. a3 Bf8 30. b4 Rd6 31. Rc8 Kg7 32. Ke1 Nd3+ 33. Kd2 Nxb4+ 34.
Kc3 Nxc2 35. Kxc2 Ra6 36. Rb8 Rxa3 37. Rxb5 Rxf3 0-1

[Event "AUTO-OPEN-3393"]
[Site "http://www.queenalice.com/game.php?id=1355764"]
[Date "2015.4.25"]
[Round "2"]
[White "Tertulia"]
[Black "clovis"]
[Result "0-1"]
[WhiteElo "1693"]
[BlackElo "2024"]

1. e4 e5 2. d4 exd4 3. Nf3 Nf6 4. e5 Ne4 5. Qxd4 d5 6. exd6 Nxd6 7. Nc3 Nc6 8.
Bb5 Bd7 9. Bxc6 Bxc6 10. Qg4 Qd7 11. Qxd7+ Kxd7 12. Ne5+ Ke6 13. Nf3 Be7 14. Bf4
Bf6 15. O-O-O Bxf3 16. gxf3 Bxc3 17. bxc3 Kd7 18. Rhe1 Rae8 19. Rg1 g6 20. Rg5
f5 21. Rgg1 Re2 22. Rd2 Rhe8 23. Be3 Rxd2 24. Bxd2 Nc4 25. Re1 Nxd2 26. Rxe8
Kxe8 27. Kxd2 Kd7 28. Kd3 Kd6 29. f4 Kc5 30. a4 h5 31. f3 a5 32. c4 Kb4 33. h4
Kxa4 34. Kc3 Ka3 35. c5 b5 36. Kd4 Kb2 37. c4 b4 38. Kd5 a4 39. Kc6 a3 40. Kxc7
a2 41. c6 a1=Q 42. Kb7 Qc1 43. c7 Qxc4 44. c8=Q Qxc8+ 45. Kxc8 Kc3 46. Kd7 b3
47. Ke7 b2 48. Kf6 b1=Q 49. Kxg6 Kd4 50. Kxh5 Ke3 51. Kg5 Kxf3 0-1

[Event "AUTO-OPEN-3393"]
[Site "http://www.queenalice.com/game.php?id=1355765"]
[Date "2015.4.25"]
[Round "2"]
[White "clovis"]
[Black "Tertulia"]
[Result "0-1"]
[WhiteElo "1916"]
[BlackElo "1627"]

1. e4 d5 2. exd5 Nf6 3. Nc3 Nxd5 4. Bc4 Nxc3 5. Qf3 e6 6. dxc3 Nc6 7. Bf4 Bd6 8.
O-O-O O-O 9. Nh3 Bxf4+ 10. Nxf4 Qe7 11. g4 Ne5 12. Qe2 Qg5 13. Qe4 Nxc4 14. Qxc4
e5 0-1

[Event "Challenge"]
[Site "http://www.queenalice.com/game.php?id=1357453"]
[Date "2015.5.5"]
[Round "-"]
[White "Magogue"]
[Black "Tertulia"]
[Result "0-1"]
[WhiteElo "903"]
[BlackElo "1655"]

1. e4 d5 2. exd5 Nf6 3. Bb5+ Nbd7 4. Bc4 Nb6 5. Bb5+ Bd7 6. Bxd7+ Qxd7 7. Nc3
Nbxd5 8. Nxd5 Qxd5 9. Nf3 e6 10. O-O Bd6 11. d3 O-O-O 12. h3 e5 13. Re1 Rhe8 14.
Bg5 Be7 0-1

[Event "AUTO-OPEN-3416"]
[Site "http://www.queenalice.com/game.php?id=1360454"]
[Date "2015.5.19"]
[Round "2"]
[White "pomar"]
[Black "Tertulia"]
[Result "1-0"]
[WhiteElo "2104"]
[BlackElo "1695"]

1. f3 e5 2. Kf2 Qh4+ 3. g3 Bc5+ 4. e3 Qf6 5. c4 Nh6 6. Nc3 a6 7. Bh3 c6 8. Nge2
O-O 9. Ne4 Qg6 10. Nxc5 f5 11. Qb3 Ng4+ 12. Bxg4 fxg4 13. f4 d6 14. Nd3 Qe4 15.
Kg1 Bf5 16. Nf2 Qf3 17. Nc3 Re8 18. Qd1 exf4 19. Qxf3 gxf3 20. gxf4 Re6 21. Nfd1
Bh3 22. Kf2 1-0

[Event "AUTO-OPEN-3416"]
[Site "http://www.queenalice.com/game.php?id=1360455"]
[Date "2015.5.19"]
[Round "2"]
[White "Tertulia"]
[Black "pomar"]
[Result "0-1"]
[WhiteElo "1697"]
[BlackElo "2103"]

1. e4 e6 2. d4 d5 3. exd5 exd5 4. Nf3 Bd6 5. Nc3 c6 6. h3 h6 7. Be2 Ne7 8. O-O
Bf5 9. Nh4 Be6 10. Bg4 Qd7 11. Bxe6 Qxe6 12. Re1 Qf6 13. Nf3 Nd7 14. Re2 O-O 15.
Qe1 Nf5 16. Ne5 Bxe5 17. dxe5 Qg6 18. e6 Nh4 19. Qf1 fxe6 20. Be3 Rf3 21. Kh2
Rf5 22. Rd1 e5 0-1